| 000 | 00466nam a22001457a 4500 | ||
|---|---|---|---|
| 005 | 20251121144411.0 | ||
| 008 | 251121b |||||||| |||| 00| 0 eng d | ||
| 020 | _a979-8-88715-093-2 | ||
| 100 | _aPATISON, MAYKO | ||
| 245 | _aPLANT BIOTECHNOLOGY TRENDS AND TECHNIQUES | ||
| 260 |
_aDUBLIN _bORYSON PRESS _c2023 |
||
| 300 | _aIX , 275P | ||
| 650 | _a1. PLANT BIOTECHNOLOGY 2 PLANTS - GENETIC ENGINEERING 3. PLANT BIOTECHNOLOGY - RESEARCH TRENDS | ||
| 942 |
_2ddc _cBK |
||
| 999 |
_c216257 _d216257 |
||